000 00840nam a22002297a 4500
001 75932
003 UA-OsUOA
005 20221010160410.0
007 ta
008 20110607b un ||||| |||| 00| 0 ukr d
040 _aUA-OsUOA
_bukr
_cUA-OsUOA
_dUA-OsUOA
041 _aukr
080 _a82.09(477):09.05
090 _a82.09(477):09.05
_bЗ-32
245 _aЗаписки Наукового товариства імені Шевченка
_bпраці Філологічної секції
_cліт. ред. : І. Гринда, Г. Остюк, О. М. Савула
_nВип. CCLVII
260 _aЛьвів
_bНТІШ
_c2009
300 _a776 с.
650 7 _a82 Література. Літературознавство
_2UDC
942 _cBK
_2udc
955 _a1
999 _c362230
_d362230